| 000 | 00977nam a2200253 i 4500 | ||
|---|---|---|---|
| 001 | 184316 | ||
| 003 | ES-MaACL | ||
| 005 | 20250603164557.0 | ||
| 008 | 150617s2012 sp |||| | spa d | ||
| 080 | _a342.4(460)"1869" | ||
| 100 | 1 |
_aAngulo Rodríguez, Edmundo. _9157064 |
|
| 245 | 1 | 3 |
_aLa Constitución de 1869 y el sexenio / _cEdmundo Angulo Rodríguez. |
| 250 | _aPubl. no venal. | ||
| 260 |
_aGranada : _bReal Academia de Jurisprudencia y Legislación, _c2012. |
||
| 300 |
_a127 p. ; _c21 cm. |
||
| 504 | _aReferencias bibliográficas. | ||
| 610 | 1 |
_aEspaña. _tConstitución, 1869. _93654 |
|
| 651 | 4 |
_aEspaña- _xHistoria- _y1868-1874, Sexenio revolucionario _98260 |
|
| 710 | 2 |
_aReal Academia de Jurisprudencia y Legislación de Granada. _9157063 |
|
| 852 |
_aES-MaACL _jA-13563 _9191312 _bR.150814 _cDEPO1 _dOlim: 6563 _hDonación: Real Academia Española |
||
| 914 |
_96336 _aReal Academia Española _ednr |
||
| 942 |
_2udc _cMONOGRAFIA |
||
| 999 |
_c184316 _d184316 |
||